Normal view
MARC view
- Nelder, John A.
Entry Personal Name
001 - CONTROL NUMBER
- control field: 11037
003 - CONTROL NUMBER IDENTIFIER
- control field: NUST
005 - DATE AND TIME OF LATEST TRANSACTION
- control field: 20180606042238.0
008 - FIXED-LENGTH DATA ELEMENTS
- fixed length control field: 180606|| aca||aabn | a|a d
040 ## - CATALOGING SOURCE
- Original cataloging agency: NUST
- Transcribing agency: NUST
100 ## - HEADING--PERSONAL NAME
- Personal name: Nelder, John A.
670 ## - SOURCE DATA FOUND
- Source citation: Work cat.: (NUST)0: McCullagh, P. (Peter), 1952- 11034, Generalized linear Models , 1983.
